1748 1317 1852 1905 1773 1966 1768 1082 1654 1226 1173 1669 1153 1337 1331 1727 1472 1300 1772 1972 1344 1242 1664 1099 1971 1447 1730 1491 1048 1977 1815 1458 1749 1611 1964 1065 1520 1419 1632 1502 1844 1745 1065 1457 1063 1493 1137 1164 1710 1406 1358 1980 1780 1062 1918 1012 1515 1334 1993 1694 1224 1934 1139 1248 1874 1521 1127 1111 1901 1318 1739 1578 1087 1834 1703 1136 1716 1290 1168 1703 1194 1275 1726 1228 1560 1443 1876 1553 1933 1043 1915 1564 1249 1484 1393 1460 1411 1908 1120 BCNSPRNW ULIB Ver.6.0+V

เปลี่ยนเป็นภาษาไทย

Change to English
 แสดงรายละเอียดบรรณานุกรม
  กลับหน้าหลัก

Brief Record : Get Marc (ISO 2709) : E-mail record : QR code < ปิดหน้าต่าง
LEADER : 00000nam 2200000uu 4500
001    13399124303
003     ULIB
008    150227s2557||||th 000 0 tha d
020    ^a9786162795817
060  4 ^aWA525^bน199
100 0  ^aนวรัตน์ สุวรรณผ่อง
245 00 ^aนโยบายสุขภาพ :^bการจัดทำ วิเคราะห์ และประเมินผล /^cนวรัตน์ สุวรรณผ่อง ... [และคนอื่นๆ].
250    ^aพิมพ์ครั้งที่ 1
260    ^aนครปฐม :^bสำนักพิมพ์มหาวิทยาลัยมหิดล,^c2557.
300    ^axvi, 216 หน้า :^bภาพประกอบ ;^c24 ซม.
650  7 ^aนโยบายสาธารณสุข
650  7 ^aการส่งเสริมสุขภาพ
650  7 ^aนโยบายด้านสุขภาพ ^xการประเมิน
650  7 ^aการวางแผนอนามัย
700 0  ^aนวรัตน์ สุวรรณผ่อง.
945    ^p180^l0^i22906
945    ^p180^l0^i22907
945    ^p180^l0^i22908
945    ^p180^l0^i22909
945    ^p180^l0^i22910
999    ^aทศพร เกษรทอง
รายการนี้ยังไม่มีแท็ก
คุณยังไม่ได้ล็อกอิน คุณสามารถมีกิจกรรมร่วมกับเว็บไซต์ได้ แต่ต้องล็อกอินก่อน ::
  ล็อกอิน

รายการสื่อสารสนเทศ

ลำดับที่ ประเภท เลขเรียก/บาร์โค้ด สถานที่ สถานะ
1. วิทยาศาสตร์การแพทย์ และสุขภาพ
วิทยาศาสตร์การแพทย์ และสุขภาพ
สถานะ=หนังสือเก่า
WA525 น199 ฉ.1 
  Barcode: 22906
ห้องสมุดวิทยาเขตนครสวรรค์
►ส่วนจัดเก็บหนังสือเก่า นว.
บนชั้น
  ขอยืม
2. วิทยาศาสตร์การแพทย์ และสุขภาพ
วิทยาศาสตร์การแพทย์ และสุขภาพ
สถานะ=หนังสือเก่า
WA525 น199 ฉ.2 
  Barcode: 22907
ห้องสมุดวิทยาเขตนครสวรรค์
►ส่วนจัดเก็บหนังสือเก่า นว.
บนชั้น
  ขอยืม
3. วิทยาศาสตร์การแพทย์ และสุขภาพ
วิทยาศาสตร์การแพทย์ และสุขภาพ
สถานะ=หนังสือเก่า
WA525 น199 ฉ.3 
  Barcode: 22908
ห้องสมุดวิทยาเขตนครสวรรค์
►ส่วนจัดเก็บหนังสือเก่า นว.
บนชั้น
  ขอยืม
4. วิทยาศาสตร์การแพทย์ และสุขภาพ
วิทยาศาสตร์การแพทย์ และสุขภาพ
สถานะ=หนังสือเก่า
WA525 น199 ฉ.4 
  Barcode: 22909
ห้องสมุดวิทยาเขตนครสวรรค์
►ส่วนจัดเก็บหนังสือเก่า นว.
บนชั้น
  ขอยืม
5. วิทยาศาสตร์การแพทย์ และสุขภาพ
วิทยาศาสตร์การแพทย์ และสุขภาพ
สถานะ=หนังสือเก่า
WA525 น199 ฉ.5 
  Barcode: 22910
ห้องสมุดวิทยาเขตนครสวรรค์
►ส่วนจัดเก็บหนังสือเก่า นว.
บนชั้น
  ขอยืม

รายการใกล้เคียง
    ผู้แต่ง [นวรัตน์ สุวรรณผ่อง]

    หัวเรื่อง [นโยบายสาธารณสุข]
    หัวเรื่อง [การส่งเสริมสุขภาพ]
    หัวเรื่อง [การวางแผนอนามัย]

BibComment


ยังไม่เคยถูกคอมเมนท์

คอมเมนท์ทรัพยากรรายการนี้
  คอมเมนท์: นโยบายสุขภาพ กา..


 Copyright 2026. Bcnsprnw @Library